| 000 | 00621nam a2200193 a 4500 | ||
|---|---|---|---|
| 001 | 000022784 | ||
| 005 | 20200930021808.0 | ||
| 008 | 101118s2003 sp ac 000 0 spa d | ||
| 020 | _a8449314259 | ||
| 040 |
_aDO-SdBNP _bspa _cBNPHU |
||
| 082 |
_axxx _bA859c |
||
| 100 | 1 |
_aAstruc, Frédéric _946813 |
|
| 240 | 1 | 3 |
_aLe cinéma de frères cohen _lfrancés |
| 245 | 1 | 3 |
_aEl cine de los hermanos Coen / _cFrédéric Astruc ; traducción Javier Palacio. |
| 260 |
_aBarcelona : _bPaidós, _c2003. |
||
| 300 |
_a347 p. : _bil., retr. ; _c22 cm. |
||
| 504 | _aBibliografía : 337-341 | ||
| 700 | 1 |
_aPalacio, Javier, _etrad. _946339 |
|
| 999 |
_c22281 _d22281 |
||